00889 2200289 4500001002100000005001500021035002000036007000300056008004100059020002200100040002200122082001700144084001900161090002200180100004100202245007600243250003500319300004500354650003200399700002600431850001200457264003600469336002100505337003000526338002300556990002000579INLIS00000000088139620230831114808 a0010-0823000886ta230831s2022 jiia g p ind d a978-623-5996-20-2 aYOPDYOGbinderda04223a899.2211 a899.2211 INI l aPK 899.2211 INI l0 aInin MukminincCakd1965-epengarang10aLaron :bkumpulan puisi 2.0 /cCak Inin Mukminin; penyunting, Hariyanto aCetakan pertama, Februari 2022 axvi, 68 halaman :bfoto, gambar ;c21 cm 4aPuisi Indonesia--xKumpulan0 aHariyantoepenyunting aYOPDYOG31aLamongan :bKamila Press,c2022 2rdacontentateks 2rdamediaatanpa perantara 2rdacarrieravolume a71322-PD/A.2023